00907nam a22001937a 4500003000200000005001700002008004100019050002400060100002800084245020000112260007100312300002800383500004100411504005800452650005600510650005200566650004200618650005300660020250220112026.0250220b xxu||||| |||| 00| 0 eng d aHF 5681b.Sa27 2023 aSarto, Sophia Marie A.  aThe influence of dunning procedures and receivable financing in the maximization of collection and quality of aging of receivables of selected enterprises in Las Pinas CitycSophia Marie A. Sarto aLas Pinas CitybSouthville International School and Collegesc2023 ax, 116 pages ; c28cm.  aBachelor of Science in Accountancy.  aIncludes bibliographical references and appendices.  aAccounts receivable – Management – Philippines. aCredit and collection – Business enterprises. aReceivable financing – Philippines. aDunning procedures – Collection effectiveness.